000 00372nam a22001577a 4500
005 20160627092920.0
008 160627b xxu||||| |||| 00| 0 eng d
041 _aeng
082 _b10330
100 _aAhuja, B.N. and Chhabra, S.S.
_91989
245 _aDevelopment Communication
260 _bSurjeet
_c2004
300 _a261
650 _aManagement
_9241
942 _cBK
999 _c4103
_d4102